Najbogatsze państwa śródlądowe - Statystyki

Ogólne statystyki
  • Ten quiz został rozwiązany 564 razy
  • Średni wynik to 8 z 10
Statystyki odpowiedzi
Lp. Ogólne miejsce na świecie PKB (USD na osobę) Państwo % Poprawnych
3. 5 72 874 Szwajcaria
93%
5. 17 55 218 Austria
90%
1. 2 (2020)* 157 755 Liechtenstein
89%
2. 1 118 001 Luksemburg
89%
7. 34 40 618 Czechy
84%
9. 46 32 709 Słowacja
82%
6. 34 (2021)* 42 137 Andora
80%
8. 45 33 030 Węgry
80%
4. 12 58 427 San Marino
78%
10. 57 26 565 Kazachstan
47%
Nie znaleziono quizów pasujących do podanych kryteriów
Rozkład punktacji
Procent ludzi z każdym wynikiem
Percentyl według liczby udzielonych odpowiedzi
Twoja historia wyników
Nie rozwiązałeś tego quizu